000 nam a22 7a 4500
999 _c41147
_d41147
005 20171212111905.0
008 171212b xxu||||| |||| 00| 0 eng d
020 _a84-306-0409-X
040 _aANE
041 _aEs
082 _a863 G857
100 _aGrijelmo, Álex
245 _aLa seducción de las palabras
_cGrijelmo, Álex
260 _aSantafé de Bogotá
_bSantillana
_c2000
300 _a289 p.
500 _aBibliografía
500 _aÍndice
505 _aEl camino de las palabras profundas.- Persuasión y seducción.- Los sonidos seductores.- Las palabras del amor.- Los símbolos de la publicidad.- El poder de las palabras, las palabras del poder.- La contradicción eficaz.- Las palabras grandes
650 _aNovela
942 _2ddc
_cBK
_zNr.